000 00763nam a2200217 i 4500
001 30815
003 ES-MaACL
005 20260129063019.0
007 t|
008 200729s1863 sz ||||1| fre d
080 _a930 Renan, Ernest. Vie de Jésus
080 _a27-312
100 1 _aGinoulhiac, Jacques Marie Achille,
_d1806-1875
_9170214
245 1 0 _aLettre de Monseigneur l'Évêque de Grenoble, à l'un de ses vicaires généraux, sur "La vie de Jésus", par M. E. Renan.
260 _a[Grenoble] :
_b[Typogr. A. Baratier],
_c[1863]
300 _a84 p. ;
_c22 cm.
600 1 7 _aRenan, Ernest,
_d1823-1892.
_tVie de Jésus
_2
_9148408
600 0 4 _aJesucristo-
_xBiografías.
_9140032
852 4 _aES-MaACL
_jT-82-F-6
999 _c30815
_d30815